Tuyển tập văn học dân gian Việt Nam T.4

Ngoài bìa ghi Trung tâm thông tin khoa học xã hội và nhân văn quốc gia. Viện văn học

Сохранить в:
Библиографические подробности
Главный автор: Sông, Thao
Другие авторы: Đặng, Văn Lung
Формат:
Язык:Undetermined
Опубликовано: H. Giáo dục 1999
Предметы:
Online-ссылка:http://lrc.tdmu.edu.vn/opac/search/detail.asp?aID=2&ID=6965
Метки: Добавить метку
Нет меток, Требуется 1-ая метка записи!
Thư viện lưu trữ: Trung tâm Học liệu Trường Đại học Thủ Dầu Một
LEADER 00858nam a2200241Ia 4500
001 TDMU_6965
008 210410s9999 xx 000 0 und d
082 |a 398.209 597 
090 |b S455 
100 |a Sông, Thao 
245 0 |a Tuyển tập văn học dân gian Việt Nam 
245 0 |c Sông Thao, Đặng Văn Lung 
245 0 |n T.4 
245 0 |p Q.2 Dân ca 
260 |a H. 
260 |b Giáo dục 
260 |c 1999 
300 |a 1031tr 
520 |a Ngoài bìa ghi Trung tâm thông tin khoa học xã hội và nhân văn quốc gia. Viện văn học 
650 |a Văn học dân gian  |z Việt Nam; Dân ca  |z Việt Nam  
700 |a Đặng, Văn Lung 
856 |u http://lrc.tdmu.edu.vn/opac/search/detail.asp?aID=2&ID=6965 
980 |a Trung tâm Học liệu Trường Đại học Thủ Dầu Một